Where is This City? - Europe - Statistics

General Stats
  • This quiz has been taken 29 times
    13 since last reset
  • The average score is 11 of 20
Answer Stats
Question Answer % Correct
Mechelen Belgium
91%
Lille France
91%
Split Croatia
73%
Miskolc Hungary
73%
Kilkenny Ireland
73%
Lausanne Switzerland
73%
Burgas Bulgaria
64%
Padua Italy
64%
Randers Denmark
55%
Chemnitz Germany
55%
Leiria Portugal
55%
Kaunas Lithuania
45%
Almere Netherlands
45%
Drammen Norway
45%
Presov Slovakia
45%
Poltava Ukraine
45%
Schaan Liechtenstein
36%
Brasov Romania
36%
Orenburg Russia
36%
Subotica Serbia
27%
No matching quizzes found
Score Distribution
Percent of People with Each Score
Percentile by Number Answered
Your Score History
You have not taken this quiz since the last reset